沖縄県の名字TOP100 - Statistics

General Stats
  • This quiz has been taken 372 times
  • The average score is 15 of 100
Answer Stats
Hint Answer % Correct
1 比嘉
74%
2 金城
55%
3 大城
50%
27 具志堅
49%
4 宮城
46%
5 新垣
46%
6 玉城
42%
8 島袋
36%
43 喜屋武
36%
9 平良
35%
7 上原
34%
63 山田
31%
81 山川
31%
34 中村
29%
29 仲間
28%
92 我那覇
28%
18 仲村
27%
25 石川
27%
22 赤嶺
25%
67 前田
25%
93 石垣
24%
11 知念
23%
31 与那嶺
20%
37 与那覇
20%
16 砂川
18%
10 山城
17%
12 宮里
17%
64 大嶺
17%
14 下地
16%
59 内間
16%
60 翁長
16%
74 仲田
16%
13 仲宗根
15%
20 新城
14%
21 伊波
14%
85 屋良
14%
15 照屋
13%
23 安里
13%
26 又吉
13%
33 国吉
13%
100 仲村渠
13%
17 城間
12%
24 上地
11%
38 外間
11%
40 友利
11%
51 与儀
11%
54 嘉数
11%
55 儀間
11%
95 末吉
11%
28 高良
10%
30 松田
10%
32 仲里
10%
62 糸数
10%
35 長嶺
9%
39 上間
9%
56 花城
9%
69 玉那覇
9%
77 上里
9%
19 新里
8%
36 山内
8%
52 喜納
8%
65 桃原
8%
86 東江
8%
90 山里
8%
94 名嘉
8%
48 知花
7%
70 当間
7%
76 喜友名
7%
97 池間
7%
41 神谷
6%
42 仲本
6%
44 川満
6%
46 伊佐
6%
50 高江洲
6%
66 上江洲
6%
73 宮良
6%
75 小橋川
6%
80 渡久地
6%
84 仲地
6%
98 古堅
6%
45 宮平
5%
49 岸本
5%
57 野原
5%
58 呉屋
5%
78 渡慶次
5%
47 当山
4%
61 棚原
4%
71 長浜
4%
72 伊礼
4%
82 幸地
4%
87 稲福
4%
91 根間
4%
53 池原
3%
68 平田
3%
79 浦崎
3%
83 田場
3%
88 仲松
3%
89 狩俣
3%
96 崎浜
3%
99 崎原
3%
No matching quizzes found
Score Distribution
Percent of People with Each Score
Percentile by Number Answered
Your Score History
You have not taken this quiz